| 000 | 01649nam a22002417a 4500 | ||
|---|---|---|---|
| 999 |
_c15316 _d15316 |
||
| 003 | AR-CdUCM | ||
| 008 | 190322b ||||| |||| 00| 0 spa d | ||
| 040 |
_aMUNICIPALIDAD PROVINCIAL DEL CUSCO _cBIBLIOTECA MUNICIPAL DEL CUSCO |
||
| 082 |
_a985.008 / _bC73 |
||
| 100 |
_aComisión nacional del Sesquicentenario de la Independencia del Perú _922439 |
||
| 245 | _aQuinto congreso internacional de historia de América / | ||
| 260 |
_aLima : _bComisión nacional del Sesquicentenario de la Independencia del Perú, _c1972. |
||
| 300 |
_atomos ; _c24 cm. |
||
| 440 |
_aColección documental de la Independencia del Perú. _923187 |
||
| 505 | _at.2: Tupac Amaru y la proyección de su pensamiento en Cadiz -- Levantamiento Tupacamarista 1783 -- El heroismo revolucionario de Micaela Bastidas --t.3: La política de gran Bretaña en el Rio de la Plata y su influencia en la revolución de Zela -- Carlos Pereyra y su pensamiento sobre la emncipación hispanoamericana -- El derecho de ciudadania aciva como reflejo de una ideologia emancipadora -- t.5: sesion compraratoria en el V concreso internacional de historia de America -- Tupac Amaru y la proyección de su pensamiento de Cadiz 1812 y Filadelfia -- El levantamiento Tupacamarista de 1783 t.4: Antonio de Andueza y Gregorio de Guinea -- Sin Bolivar y la division política de Perú -- Los peruanos al servicio de Venezuela... | ||
| 650 |
_aCortes _923188 |
||
| 650 |
_aIntervenciones _923189 |
||
| 650 |
_aindependencia _9625 |
||
| 650 |
_aColección _92826 |
||
| 700 |
_aDurand Flórez, Guillermo (investigación, recopilación y prólogo) _923190 |
||
| 942 |
_2ddc _cLIBROS |
||
| 945 | _awfj | ||